000
00360nam a2200133Ia 4500
008
151001s9999||||xx |||||||||||||| ||und||
100
_a
M. S. Gill
245
_a
Great woman of the world
250
_a
1
260
_b
Aapga publication
260
_c
1997
300
_a
208
365
_b
21
999
_c
976434
_d
976431